<?xml version="1.0" encoding="utf-8"?>
<?xml-stylesheet type='text/xsl' href='./oai2.xsl'?>
<OAI-PMH xmlns="http://www.openarchives.org/OAI/2.0/" xmlns:xsi="http://www.w3.org/2001/XMLSchema-instance" xsi:schemaLocation="http://www.openarchives.org/OAI/2.0/ http://www.openarchives.org/OAI/2.0/OAI-PMH.xsd">
  <responseDate>2026-06-06T23:13:29Z</responseDate>
  <request verb="GetRecord" metadataPrefix="marcxml" identifier="record_kuniweb_948099">https://kulturerbe.niedersachsen.de/oai</request>
  <GetRecord>
    <record>
      <header>
        <identifier>record_kuniweb_948099</identifier>
        <datestamp>2018-03-26T07:18:59Z</datestamp>
        <setSpec>slg0198</setSpec>
      </header>
      <metadata>
        <marc:record xmlns:marc="http://www.loc.gov/MARC21/slim" xsi:schemaLocation="http://www.loc.gov/MARC21/slim http://www.loc.gov/standards/marcxml/schema/MARC21slim.xsd">
          <marc:leader>12345nkm  22     uu 4500</marc:leader>
          <marc:controlfield tag="001">948099</marc:controlfield>
          <marc:controlfield tag="003">http://kuniweb.gbv.de</marc:controlfield>
          <marc:controlfield tag="005">2017-11-30T19:00:59</marc:controlfield>
          <marc:controlfield tag="008">|           ||||||||||||||||||||||</marc:controlfield>
          <marc:datafield tag="245" ind1="1" ind2="0">
            <marc:subfield code="a">Zum Beispiel Gorleben</marc:subfield>
          </marc:datafield>
          <marc:datafield tag="655" ind1=" " ind2="7">
            <marc:subfield code="a">Plakate</marc:subfield>
          </marc:datafield>
          <marc:datafield tag="046" ind1=" " ind2=" ">
            <marc:subfield code="k">1980</marc:subfield>
            <marc:subfield code="k">1980</marc:subfield>
          </marc:datafield>
          <marc:datafield tag="260" ind1=" " ind2=" ">
            <marc:subfield code="g">1980</marc:subfield>
            <marc:subfield code="g">1980</marc:subfield>
          </marc:datafield>
          <marc:datafield tag="300" ind1=" " ind2=" ">
            <marc:subfield code="a">Höhe: 58,99 cm
Breite: 41,62 cm</marc:subfield>
          </marc:datafield>
          <marc:datafield tag="520" ind1=" " ind2=" ">
            <marc:subfield code="a">Das Foto hat Jörg Janning aufgenommen. Er war Gründungsmitglied und in den ersten Jahren Pressesprecher der Bürgerinitiative Umweltschutz Lüchow-Dannenberg e.V.

In dieser Ausstellung setzten sich Berliner Künstler mit der Atomenergie, der durch diese Technologie bedrohten Landschaft und dem Bürgerprotest auseinander. Es gab Beiträge von den Malern Gerhard Andrées, Peter Berndt, Catharina Cosin, Peter Gärmer, Matthias Koeppel, Wolfgang Rohloff, Hermann Waldenburg, Rainer Kriester, Ingeborg Ullrich, dem Schriftsteller Hans Christoph Buch u.a.

Schlagworte: 
Gorleben, Atomkraft, Nukleares Entsorgungszentrum NEZ, Kunst, Kultur, Ausstellung, Berlin.   (Gorleben Archiv / Birgit Huneke)

Zwei Kühe auf der Weide im Nebel
Text: 
Ausstellung Kunstamt Charlottenburg 4.1.-15.12.1980
Dienstag-Sonntag 11-18 Uhr Montag geschlossen
1000 Berlin 19 Schloßstr. 1
1. Etage
31.10.-15.12. 1980 Begleitprogramm zur Ausstellung im Ökodorf Kurfürstenstr. 14  1000 Berlin 30
Beginn jeweils 20 Uhr Tel.: 2612487 Bus 48, 75, 83, 84 U-Bahnlinie 1
Zum Beispiel Gorleben (Jörg Janning)

Verwendungszweck:
Protest gegen die Atomanlagen in Gorleben</marc:subfield>
          </marc:datafield>
          <marc:datafield tag="650" ind1="1" ind2=" ">
            <marc:subfield code="a">Widerstand</marc:subfield>
          </marc:datafield>
          <marc:datafield tag="650" ind1="1" ind2=" ">
            <marc:subfield code="a">Protest</marc:subfield>
          </marc:datafield>
          <marc:datafield tag="650" ind1="1" ind2=" ">
            <marc:subfield code="a">Kernenergie</marc:subfield>
          </marc:datafield>
          <marc:datafield tag="650" ind1="1" ind2=" ">
            <marc:subfield code="a">Plakate</marc:subfield>
          </marc:datafield>
          <marc:datafield tag="773" ind1="0" ind2=" ">
            <marc:subfield code="t">Plakate - Sammlung. Protestkultur gegen die Atomanlagen in Gorleben</marc:subfield>
          </marc:datafield>
          <marc:datafield tag="852" ind1=" " ind2=" ">
            <marc:subfield code="a">Gorleben Archiv e.V.</marc:subfield>
          </marc:datafield>
          <marc:datafield tag="" ind1=" " ind2=" ">
            <marc:subfield code="a">Rechte vorbehalten – Freier Zugang</marc:subfield>
          </marc:datafield>
        </marc:record>
      </metadata>
    </record>
  </GetRecord>
</OAI-PMH>
